00916 2200337 4500001002100000005001500021035002000036007000300056040001700059100002800076245006500104250001100169300003100180020002200211041000800233090001900241264003400260336002100294337003000315338002300345650001000368850001000378008004100388082001200429084001800441700003500459990002200494990002200516990001800538990002200556INLIS00000000000889020260513024948 a0010-1022000265ta aSBPUPADbind0 aRasyid AkbarePengarang1 aMisteri Sebuah Lukisan /cRasyid Akbar.; editor, Dede Aragil aCet. 1 a112 hlm. :billus. ;c2011 a978-979-063-685-9 aind a787 WIJ k 23-8 aJakarta :bZikrul Kids,c2011 2rdacontentateks 2rdamediaatanpa perantara 2rdacarrieravolume 4afiksi aPUPAD260513 0  a899.221 a899.221 RAS m aeditor, Dede AragilePengarang a25.167/B/DPK/2017 a25.408/B/DPK/2017 a18984/BR.2023 a25.403/B/DPK/2017